000 01076nam a22003137a 4500
003 CHAP
005 20220329134156.0
008 971013s1983 r 00010 d
010 _a16578
011 _a17550
035 _a21633
040 _cCHAP
082 _a581.134
_bJ3
100 0 0 _aJackson, M. B.
_eed.
_960817
245 _aInteractions between nitrogen and growth regulators in the control of plant development
_b: proceedings of a meeting...
260 _aLondon :
_bBritish Plant Growth Regulator Group,
_c1983
300 _a110 p.
_b; gráfs
490 _aMonograph
_v; 9
590 _aBATCH-UPD
_b10
_c20130110
_lUCH01
_h1640
590 _aBATCH-UPD
_b10
_c20130410
_lUCH01
_h1030
590 _aBATCH-UPD
_b10
_c20130914
_lUCH01
_h1700
590 _aCONVERSION
_b10
_c20130109
_lUCH01
_h1310
650 1 4 _aNitrógeno
_xEfecto en plantas.
_981457
650 1 4 _aPlantas
_xCrecimiento
_xAditivos.
_988804
830 0 _aMonograph
_v; 9
_977593
901 _aBK
942 _cLIBRO
949 _a581.134 J3
_bBC
_cLIBRO
_d33724000502696
_eLIBRO
_gI.134832
_h69660
_i21633
_si
_t6.96
999 _c16578
_d16578